Elements of mercantile law : (Record no. 182221)

MARC details
000 -LEADER
fixed length control field 00648nam a22001937a 4500
005 - DATE AND TIME OF LATEST TRANSACTION
control field 20211109114002.0
010 ## - LCCN (DPL NO)
LC control number B-741826
020 ## - INTERNATIONAL STANDARD BOOK NUMBER
International Standard Book Number 9788180549748
Terms of availability 435.00
035 ## - SYSTEM CONTROL NUMBER
System control number B-741826
037 ## - SOURCE OF ACQUISITION
Source of stock number/acquisition Sultan Chand /Gift
082 ## - DEWEY DECIMAL CLASSIFICATION NUMBER
Classification number 346.07
100 ## - MAIN ENTRY--PERSONAL NAME
Personal name Kapoor, N.D.
245 ## - TITLE STATEMENT
Title Elements of mercantile law :
Statement of responsibility, etc by N.D. Kapoor
Remainder of title including company law and industrial law /
260 ## - PUBLICATION, DISTRIBUTION, ETC. (IMPRINT)
Place of publication, distribution, etc New Delhi
Name of publisher, distributor, etc Sultan Chand
Date of publication, distribution, etc 2013
270 ## - ADDRESS
Address 23, Daryaganj,
City New Delhi
Postal code 110002
300 ## - PHYSICAL DESCRIPTION
Extent vp.
Dimensions 24cm(pbk)
942 ## - ADDED ENTRY ELEMENTS (KOHA)
Institution code [OBSOLETE] dpl
Item type English Books
Source of classification or shelving scheme Dewey Decimal Classification
Call number suffix KAP
Classification part 346.07
Holdings
Withdrawn status Lost status Not for loan Collection code Home library Current library Date acquired Source of acquisition Cost, normal purchase price Full call number Barcode Copy number Cost, replacement price Koha item type Public note
      Non-fiction Bawana Bawana 09/11/2021 Eng/Gift/8.11.2021 435.00 346.07 KAP B-741826 1 435.00 English Books Gift

© Delhi Public Library
Hit Counter
free hit counter